Music Quiz

Random Music or Singers Quiz

Song Prequels Quiz Stats

 Plays Quiz Updated May 16, 2018

Score 0/20 Timer 07:00
0 Plays Today
Prequel Song Original Song % Correct
Keyboard BoyPiano Man
88.8%
Mambo No. 4Mambo No. 5
87.5%
October CloudsNovember Rain
85.1%
Two Days AgoYesterday
83.3%
Caged CaninesWho Let the Dogs Out?
80.1%
Ebony PuppyBlack Dog
79%
Entering the TournamentWe Are the Champions
77.9%
Emerald MondayRuby Tuesday
75.1%
Janie Passed the Background CheckJanie's Got a Gun
66.1%
Lumberjack Chopping Down a TreeTimber
57.9%
Prequel Song Original Song % Correct
I Can't SleepEnter Sandman
55.9%
Man Steals Skin LotionSmooth Criminal
51.9%
Overthrowing the QueenAnarchy in the U.K.
47.3%
St. Peter Forgot to Leave a Spare Under the Doormat Locked Out of Heaven
46%
He Tricked Me!Won't Get Fooled Again
42.6%
I Need Room to Hang My ClothesCleanin' Out My Closet
35.6%
The Cops Think I'm DrunkI Walk the Line
34.2%
How to Build a Robotic Conspiracy TheoristParanoid Android
30.7%
Dad's Not Following His DietBig Poppa
27.2%
I Asked Her OutFirst Date
19%

You're not logged in!

Compare scores with friends on all Sporcle quizzes.
OR
Log In

You Might Also Like...

Show Comments

Extras

Top Quizzes Today


Score Distribution

Your Account Isn't Verified!

In order to create a playlist on Sporcle, you need to verify the email address you used during registration. Go to your Sporcle Settings to finish the process.

Report this User

Report this user for behavior that violates our Community Guidelines.

Details: